| 000 | 01434mam a22002894a 4500 | ||
|---|---|---|---|
| 001 | 3106279 | ||
| 003 | ARRUPE | ||
| 005 | 20151028110439.0 | ||
| 008 | 010501s2001 nyu 000 1 eng | ||
| 010 | _a 2001029864 | ||
| 020 | _a0375407561 | ||
| 035 | _a(OCoLC)ocm46918187 | ||
| 035 | _a(NNC)3106279 | ||
| 040 |
_aDLC _cDLC _dC#P _dDPL _dOrLoB-B |
||
| 041 | 1 |
_aeng _hhun |
|
| 042 | _apcc | ||
| 050 | 0 | 0 |
_aPH3281.M35 _bG94 2001 |
| 082 | 0 | 0 |
_a894/.511334 _221 |
| 100 | 1 |
_aMárai, Sándor, _d1900-1989. _920611 |
|
| 245 | 1 | 0 |
_aEmbers / _cSándor Márai ; translated by Carol Brown Janeway. |
| 260 |
_aLondon: _bPenguin Books : _c2003. |
||
| 300 |
_a249 p. ; _c20 cm. |
||
| 520 | 1 | _a"In a castle at the foot of the Carpathian Mountains, an old aristocrat waits to greet the friend he has not seen for forty-one years. In the course of this one night, from dinner until dawn, the two men will fight a duel of words and silences, of stories, of accusations and evasions, that will encompass their entire lives and that of a third person, missing from the candlelit dining hall - the now dead chatelaine of the castle. | |
| 520 | 8 | _aThe last time the three of them sat together was in this room, after a stag hunt in the forest. The year was 1900. No game was shot that day, but the reverberations were cataclysmic. And the time of reckoning has finally arrived."--BOOK JACKET. | |
| 900 | _bTOC | ||
| 942 |
_2lcc _cMONOGRAPH |
||
| 999 |
_c123634 _d123634 |
||